Hawaii Multiple Choice - Statistics

General Stats
  • This quiz has been taken 13,799 times
  • The average score is 9 of 15
Answer Stats
Question Answer % Correct
What does the Hawaiian word "ohana" mean? Family
88%
True or false. Hawaii is south of the Equator. False
81%
In what year did Hawaii become a state? 1959
77%
Which of these people died in Hawaii? Captain James Cook
77%
Has it snowed in Hawaii in the last 100 years? Yes
70%
What does the flag of Hawaii look like?
69%
What is the actual name of the "Big Island"? Hawaii
63%
True or false: Hawaii is located in Polynesia. True
56%
What racial group has the largest population in Hawaii? Asian
45%
Which of these words is a synonym of "Kapu"? Forbidden
44%
Which island contains the Na Pali Coast? Kauai
43%
ʻAʻā and Pāhoehoe refer to different types of what? Lava
43%
Which island is home to possibly the world's most active volcano? The Big Island
43%
Who was Don Ho? a Singer
38%
Which of these is a lilikoi?
30%
No matching quizzes found
Score Distribution
Percent of People with Each Score
Percentile by Number Answered
Your Score History
You have not taken this quiz